| 000 | 00882cam a22002772a 4500 | ||
|---|---|---|---|
| 001 | 25158 | ||
| 003 | BD-RjUL | ||
| 005 | 20211209050835.0 | ||
| 008 | 140316s1975 enk xzp 0 0 a0eng d | ||
| 020 | _a0903983400 | ||
| 035 | _a(BD-RjUL)25227 | ||
| 040 |
_aNSD _cNSD _dBD-RjUL _beng |
||
| 041 | _aeng | ||
| 082 | 0 | 0 |
_a953 _bARA 1976 _223 |
| 245 | 1 | 0 |
_aArabian studies / _cedited by R. B. Serjeant and R. L. Bidwell. |
| 260 |
_aLondon : _bC. Hurst ; _aTotowa, N.J : _bRowman and Littlefield, _cc1975-1974-1976 |
||
| 300 |
_aV. : _bill. ; _c24 cm. |
||
| 505 | 0 | _aVol. 1 -- v. 2 -- v. 3 | |
| 651 | 0 |
_aArabian Peninsula. _977386 |
|
| 700 | 1 |
_aSerjeant, R. B. _93463 |
|
| 700 | 1 |
_aBidwell, R. L. _977387 |
|
| 710 | 2 |
_aUniversity of Cambridge. _bMiddle East Centre. _977388 |
|
| 830 | 0 |
_aUniversity of Cambridge oriental publications _9190155 |
|
| 942 |
_2ddc _cBK |
||
| 999 |
_c25158 _d25158 |
||